000
00331nam a22001337a 4500
008
181025b xxu||||| |||| 00| 0 eng d
020
_a
9781269815284
041
_a
eng
080
_a
541
100
_a
11
101
_a
BIO
245
_a
The Pearson Custom Library For The Biological Sciences
_c
Culumber.M.D
942
_2
udc
_c
BK
999
_c
50906
_d
50906